K súčasným problémom didaktiky (2.)

Bibliographic Details
Main Author: Turek, Ivan, 1944-2016 (Author)
Format: Article
Language:Slovak
PhysicalDescription:Fotogr.
ISSN:1336-9849
Subjects:

MARC

LEADER 00000nab a2200000 ar4500
001 vtls010584577
003 SK-MaSNL
005 20260304185041.0
008 250708c2014 xo |r|p||| |000 b|slo
015 |a SNBRB2014/03 
035 |a (uuid)268bd0e2-83d2-48c5-8b3f-da1992d0dd00 
035 |a urn:nbn:sk:snk-abdryr 
035 |a (urnnbn)urn:nbn:sk:snk:ar-a0acoc 
038 |a SPK 
040 |a SNKBUCL  |b slo  |c SNKBUCL  |e AACR2 
041 0 |a slo  |b slo 
044 |a xo  |c SK 
072 7 |a 37  |x Výchova a vzdelávanie  |2 konspekt 
080 |a 37.02  |2 2001 
100 1 |a Turek, Ivan,  |d 1944-2016  |4 aut  |9 213793 
245 1 0 |a K súčasným problémom didaktiky (2.)  |c Ivan Turek 
300 |b Fotogr. 
504 |a Bibliogr. odkazy 
546 |a Res. slov. 
650 0 7 |a didaktika  |2 snkbucl  |9 3484 
773 0 |t Manažment školy v praxi : odborný mesačník pre manažment škôl, školských a predškolských zariadení  |g Roč. 9, č. 2(2014)  |g Č. I (2014), s. 5-9  |x 1336-9849 
773 0 |t Didaktika  |g Roč. 9, č. 2(2014)  |g Č. I (2014), s. 5-9  |x 1336-9849 
850 |a Slovenská národná knižnica 
852 |a Slovenská národná knižnica 
954 |a odborná, vedecká literatúra pôvodná (slovenská)  |2 lita 
958 |a article19 
958 |a OND 
958 |a NB  |2 spk 
958 |a EUIPO 
999 |c 3041092  |d 3043022